Database Systems :the complete book (Record no. 2851)

MARC details
000 -LEADER
fixed length control field 00557nam a2200193 4500
003 - CONTROL NUMBER IDENTIFIER
control field OSt
005 - DATE AND TIME OF LATEST TRANSACTION
control field 20240315145239.0
008 - FIXED-LENGTH DATA ELEMENTS--GENERAL INFORMATION
fixed length control field 151209b xxu||||| |||| 00| 0 eng d
020 ## - INTERNATIONAL STANDARD BOOK NUMBER
International Standard Book Number 0130980439
040 ## - CATALOGING SOURCE
Transcribing agency 040a
082 ## - DEWEY DECIMAL CLASSIFICATION NUMBER
Classification number 005.74 GAR 2002
100 ## - MAIN ENTRY--PERSONAL NAME
Personal name Garcia-Molina, Hector; Ullman, D. Jeffrey; Widom, Jennifer
9 (RLIN) 16910
245 ## - TITLE STATEMENT
Title Database Systems :the complete book
260 ## - PUBLICATION, DISTRIBUTION, ETC. (IMPRINT)
Place of publication, distribution, etc. New Jersey;
Name of publisher, distributor, etc. Prentice Hall,
Date of publication, distribution, etc. 2002
300 ## - PHYSICAL DESCRIPTION
Extent xxvii, 1119p;
Other physical details ill :
Dimensions 15 cm
504 ## - BIBLIOGRAPHY, ETC. NOTE
Bibliography, etc includes index
650 ## - SUBJECT ADDED ENTRY--TOPICAL TERM
Topical term or geographic name as entry element Database systems
9 (RLIN) 5794
942 ## - ADDED ENTRY ELEMENTS (KOHA)
Source of classification or shelving scheme Dewey Decimal Classification
Koha item type Short Loan
Holdings
Withdrawn status Lost status Source of classification or shelving scheme Damaged status Not for loan Home library Current library Date acquired Source of acquisition Inventory number Total Checkouts Full call number Barcode Date last seen Koha item type
    Dewey Decimal Classification     MUST Main Library MUST Main Library 09/12/2015 Purchase 04/21128   005.74 GAR 2002 2015-2971 09/12/2015 Open Shelf
    Dewey Decimal Classification     MUST Main Library MUST Main Library 10/05/2016 Purchase 04/21129   005.74 GAR 2002 2016-1688 10/05/2016 Open Shelf